000 00551nam a22001937a 4500
005 20250604164336.0
008 230107b ||||| |||| 00| 0 eng d
040 _cAL
041 _aKonkani
082 _223
_bSTED
_a220
100 _aFr.Stephens
_9212784
245 _aDvssarem Pvranna : padre estavan gadlelen 1618 A.D
260 _c1618
300 _bHB
_c28x20 cm.
650 _aMetrical Version of the New Testament of the Holy Bible
_968855
650 _afather Thomas Stephens
_9212785
700 _aSTEPHENS SJ
_968856
942 _2ddc
_cBK
999 _c226322
_d226322